ASOIAF- All Valyrian Steel Weapons - Statistics

General Stats
  • This quiz has been taken 767 times
  • The average score is 9 of 15
Answer Stats
Owner (most recent) book/show Weapon % Correct
Lord Eddard Stark of Winterfell Ice
99%
Brienne of Tarth Oathkeeper
95%
Daemon I Blackfyre Blackfyre
88%
Lord Commander Jon Snow Longclaw
87%
King Tommen I Baratheon/Ser Jaime Lannister Widow's Wail
87%
Lord Commander Brynden 'Bloodraven' Rivers Dark Sister
85%
Lord Randyll Tarly of Horn Hill/Samwell Tarly Heartsbane
73%
King Tommen II Lannister Brightroar
61%
Ser Lyn Corbray Lady Forlorn
53%
Lord Dunstan Drumm of Old Wyk Red Rain
40%
Ser Jon Roxton Orphan-Maker
29%
Ser Harras Harlaw Nightfall
28%
Lord Ormund Hightower of the Hightower Vigilance
26%
Ser Willum Royce Lamentation
25%
Moredo Rogare of Lys Truth
19%
No matching quizzes found
Score Distribution
Percent of People with Each Score
Percentile by Number Answered
Your Score History
You have not taken this quiz